Gracze którzy zdobyli MVP na Majorze w CS:GO i CS2 - Statystyki

Ogólne statystyki
  • Ten quiz został rozwiązany 79 razy
  • Średni wynik to 16 z 23
Statystyki odpowiedzi
Wydarzenie MVP % Poprawnych
EMS One Katowice 2014 pashaBiceps
97%
Perfect World Shanghai 2024 donk
94%
PGL Stockholm 2021 s1mple
94%
BLAST.tv Paris 2023 ZywOo
90%
BLAST.tv Austin 2025 ZywOo
90%
StarLadder Budapest 2025 ZywOo
90%
FACEIT London 2018 device
83%
StarLadder Berlin 2019 device
83%
IEM Katowice 2019 Magisk
75%
PGL Copenhagen 2024 jL
73%
DreamHack Winter 2013 JW
73%
ESL One Katowice 2015 olofmeister
73%
ESL One Cologne 2015 flusha
71%
IEM Rio 2022 Jame
71%
MLG Columbus 2016 coldzera
70%
ESL One Cologne 2016 coldzera
70%
DreamHack Cluj-Napoca 2015 kennyS
70%
PGL Antwerp 2022 rain
62%
ELEAGUE Boston 2018 tarik
44%
PGL Kraków 2017 AdreN
41%
ESL One Cologne 2014 friberg
41%
DreamHack Winter 2014 Happy
40%
ELEAGUE Atlanta 2017 Kjaerbye
38%
Nie znaleziono quizów pasujących do podanych kryteriów
Rozkład punktacji
Procent ludzi z każdym wynikiem
Percentyl według liczby udzielonych odpowiedzi
Twoja historia wyników
Nie rozwiązałeś tego quizu